| 000 | 00534nam a22002057a 4500 | ||
|---|---|---|---|
| 003 | OSt | ||
| 005 | 20140310183012.0 | ||
| 008 | 130211t xxu||||| |||| 00| 0 eng d | ||
| 020 | _a9712304108 | ||
| 050 |
_aLC 368 _b.B352 1994 |
||
| 100 | _aBautista, Aida Josefa A. | ||
| 245 |
_aValues Education In Religious Education _cAida Josefa A. Bautista. |
||
| 260 |
_aManila : _bRex Book Store, _c1994. |
||
| 300 |
_a139 p. ; _c 20 cm. |
||
| 521 | _aEDU | ||
| 562 | _e2 | ||
| 942 |
_2lcc _cBK _kLOC |
||
| 999 |
_c18253 _d18253 |
||